Using simulation to develop and validate analytical emergency service deployment models /

Bibliographic Details
Main Author: Ignall, Edward
Corporate Author: Rand Corporation
Other Authors: Kolesar, Peter, Walker, Warren E.
Format: Book
Language:English
Published: Santa Monica : Rand Corporation, [1975]
Subjects:

MARC

Tag First Indicator Second Indicator Subfields
LEADER 00000cam a2200000 i 4500
001 in00001108821
005 20150930061308.0
008 760810s1975 cau b 000 0 eng d
035 |a (OCoLC)02364512 
035 |9 AFU9413AM 
040 |a SUC  |c SUC  |d OCL  |d m.c.  |d TXA  |d UtOrBLW 
049 |a TXAM 
090 |a AS36  |b .R28 P-5463 
100 1 |a Ignall, Edward. 
245 1 0 |a Using simulation to develop and validate analytical emergency service deployment models /  |c Edward J. Ignall, Peter Kolesar, Warren E. Walker. 
264 1 |a Santa Monica :  |b Rand Corporation,  |c [1975] 
300 |a v, 38 pages ;  |c 28 cm. 
336 |a text  |b txt  |2 rdacontent 
337 |a unmediated  |b n  |2 rdamedia 
338 |a volume  |b nc  |2 rdacarrier 
500 |a Cover title. 
500 |a "P-5463." 
500 |a "August 1975." 
504 |a Includes bibliographical references. 
650 0 |a Emergency transportation  |x Mathematical models. 
650 0 |a Emergency transportation  |x Simulation methods. 
700 1 |a Kolesar, Peter. 
700 1 |a Walker, Warren E. 
710 2 |a Rand Corporation. 
999 |a MARS 
999 f f |s 2b49139e-031c-3947-bee5-cb65b82288eb  |i 1c3bdab1-6dd8-3585-bd86-006a751dc63a  |t 0 
952 f f |p ric  |a Texas A&M University  |b Rellis Campus  |c Joint Library Facility  |d Remote Storage  |t 0  |e AS36 .R28 P-5463  |h Library of Congress classification  |i unmediated -- volume  |m A14817081569 
998 f f |a AS36 .R28 P-5463  |t 0  |l Remote Storage